000 01504nam a2200313 c 4500
999 _c181199
_d181199
003 BLK
005 20220228093642.0
008 180411b bul|||||r ||||||| ||bul||
010 _aKNG00190092000
040 _aBLK
041 _aBUL
_cBUL
072 7 _2bullib
_aН84
_xБългарска художествена литература Н
072 7 _2bullib
_aН94
_xКраезнание - художествена литература Н
080 _aБългарска литература
_b821.163.2
_x-7
_z821.163.2-7
139 _aСмрикаров, Ангел Сотиров
_bС 47
245 1 0 _aРусенската Алма матер - територия на свободния дух
_bСтихоплетства и смехотворства
_cавт.-състав. Ангел Сотиров Смрикаров.
257 _aBGR
260 _bРусенски унив. Ангел Кънчев
_c2016
300 _a70 с.
_bс ил.
_c20 см
380 _aX
500 _aЗагл. на кор. Русенският университет стихоплетства и смехотворства. - Изд. по случай 70-год. на Русенския унив.
659 _aК
700 1 _aСмрикаров, Ангел Сотиров
_eавт.-състав.
_9366697
852 _aЦб 282107
852 _aК 821.163.2/Т 18 С
856 4 _qpdf
856 4 _qpdf
942 _cKNG
_n0
_s1
944 _aCR
_c26.08.2016
_kВиолета_Тройчева
944 _aED
_c22.01.2018
_kГеновева_Генчева
999 _d181199